[Event "Jesenik op-B"]
[Site "Jesenik"]
[Date "2023.08.27"]
[Round "9"]
[White "Sulcova, Tereza Radmila"]
[Black "Janecek, Miroslav1111"]
[Result "1/2-1/2"]
[WhiteElo "1673"]
[BlackElo "1789"]
[PlyCount "88"]
[EventDate "2023.08.19"]
[EventType "swiss"]
[EventRounds "9"]
[EventCountry "CZE"]
[SourceTitle "EXT 2024"]
[Source "ChessBase"]
[SourceDate "2023.10.10"]
[SourceVersion "1"]
[SourceVersionDate "2023.10.10"]
[SourceQuality "1"]

1. e4 c5 2. c4 Nc6 3. Nc3 g6 4. g3 Bg7 5. Bg2 d6 6. Nge2 Bg4 7. 0-0 Bxe2 8. Nxe2 e6 9. d3 Nge7 10. Rb1 0-0 11. Be3 Qa5 12. a3 Rad8 13. d4 cxd4 14. Nxd4 d5 15. exd5 exd5 16. c5 Nxd4 17. Bxd4 Bxd4 18. Qxd4 Nf5 19. Qb4 Qxb4 20. axb4 Rd7 21. Rfd1 Rfd8 22. b5 Rc7 23. b4 d4 24. Rbc1 d3 25. Rc3 Rd4 26. c6 bxc6 27. bxc6 Rxb4 28. Rcxd3 Rc4 29. Rd7 R7xc6 30. Bxc6 Rxc6 31. Rxa7 Rd6 32. Rb1 Nd4 33. Rb8+ Kg7 34. Rbb7 Rf6 35. Kg2 g5 36. Ra4 Ne6 37. Rb5 Kg6 38. h4 h6 39. hxg5 hxg5 40. Rg4 Rf5 41. Rb6 Rf6 42. f4 Nxf4+ 43. gxf4 Rxb6 44. Rxg5+ Kf6 1/2-1/2

[Event "Jesenik Rapid op"]
[Site "Jesenik"]
[Date "2023.08.18"]
[Round "5"]
[White "Kolar, Jan1111"]
[Black "Sulcova, Tereza Radmila"]
[Result "1-0"]
[WhiteElo "1923"]
[BlackElo "1602"]
[PlyCount "63"]
[EventDate "2023.08.18"]
[EventType "swiss (rapid)"]
[EventRounds "9"]
[EventCountry "CZE"]
[SourceTitle "EXT 2024"]
[Source "ChessBase"]
[SourceDate "2023.10.10"]
[SourceVersion "1"]
[SourceVersionDate "2023.10.10"]
[SourceQuality "1"]

1. e4 d6 2. d3 Nf6 3. Nd2 e5 4. g3 g6 5. Bg2 Bg7 6. h3 c6 7. Ngf3 Nbd7 8. 0-0 0-0 9. Nc4 Qc7 10. Re1 b5 11. Ne3 a5 12. a4 b4 13. Nc4 Nb6 14. Nxb6 Qxb6 15. Be3 c5 16. Nd2 Ne8 17. Nc4 Qc7 18. f4 f5 19. exf5 Bb7 20. fxg6 Bxg2 21. gxh7+ Kxh7 22. Kxg2 exf4 23. Bxf4 Rf6 24. Qf3 Rd8 25. Qh5+ Bh6 26. Rxe8 Qc6+ 27. Re4 d5 28. Ne5 Qb7 29. Bxh6 dxe4 30. Bg5+ Kg8 31. Bxf6 exd3+ 32. Kh2 1-0

[Event "Pardubice rapid op 34th"]
[Site "Pardubice"]
[Date "2023.07.20"]
[Round "6"]
[White "Svoboda, Petr"]
[Black "Sulcova, Tereza Radmila"]
[Result "1-0"]
[WhiteElo "2088"]
[BlackElo "1703"]
[PlyCount "93"]
[EventDate "2023.07.19"]
[EventType "swiss (rapid)"]
[EventRounds "9"]
[EventCountry "CZE"]
[SourceTitle "CBM 215 Extra"]
[Source "ChessBase"]
[SourceDate "2023.09.30"]
[SourceVersion "1"]
[SourceVersionDate "2023.09.30"]
[SourceQuality "1"]

1. Nf3 Nf6 2. b3 g6 3. Bb2 Bg7 4. d4 d5 5. Nbd2 0-0 6. g3 c5 7. e3 Nc6 8. Bg2 Ne4 9. 0-0 f5 10. a3 Qc7 11. c4 e6 12. Rc1 Qe7 13. Qc2 dxc4 14. bxc4 Nxd2 15. Qxd2 Rb8 16. Rfd1 Rd8 17. Qc2 b6 18. d5 exd5 19. cxd5 Ne5 20. Nxe5 Bxe5 21. Bxe5 Qxe5 22. Qb3 Qd6 23. Rd2 Rd7 24. f3 b5 25. e4 Re7 26. Qc3 c4 27. Qd4 a5 28. Re1 fxe4 29. fxe4 Re5 30. Rf1 Ba6 31. Rdf2 Rbe8 32. Rf6 R8e6 33. Rf7 b4 34. Qa7 Re7 35. Qa8+ Re8 36. Qa7 R5e7 37. Rxe7 Qxe7 38. Qxa6 c3 39. Qc4 Qd6 40. Bh3 Qb6+ 41. Kh1 Qe3 42. Be6+ Kh8 43. axb4 c2 44. Qxc2 axb4 45. Qb2+ Qc3 46. Qxc3+ bxc3 47. Rc1 1-0

[Event "Pardubice rapid op 34th"]
[Site "Pardubice"]
[Date "2023.07.20"]
[Round "4"]
[White "Valenta, Vit"]
[Black "Sulcova, Tereza Radmila"]
[Result "1-0"]
[WhiteElo "1971"]
[BlackElo "1703"]
[PlyCount "83"]
[EventDate "2023.07.19"]
[EventType "swiss (rapid)"]
[EventRounds "9"]
[EventCountry "CZE"]
[SourceTitle "CBM 215 Extra"]
[Source "ChessBase"]
[SourceDate "2023.09.30"]
[SourceVersion "1"]
[SourceVersionDate "2023.09.30"]
[SourceQuality "1"]

1. b4 g6 2. Bb2 Nf6 3. Nf3 Bg7 4. g3 0-0 5. Bg2 d6 6. 0-0 e5 7. d3 Nfd7 8. e4 a5 9. b5 Nc5 10. a4 f5 11. exf5 gxf5 12. d4 e4 13. Nh4 d5 14. Ba3 b6 15. c3 Ne6 16. Bxf8 Qxf8 17. Qh5 Nd8 18. Bh3 Nf7 19. Bxf5 Bxf5 20. Nxf5 Bf6 21. Nd2 Nd7 22. h4 Kh8 23. Ne3 Qg7 24. Nxd5 Rg8 25. Nxe4 Bd8 26. Rae1 Nh6 27. Ng5 Nf6 28. Nxf6 Bxf6 29. Qxh6 Qxh6 30. Nf7+ Kg7 31. Nxh6 Kxh6 32. Re6 Kg7 33. Rc6 Bd8 34. Re1 Kf7 35. Re4 Rg7 36. c4 Kf8 37. c5 Rd7 38. Kg2 Kf7 39. Rce6 Bf6 40. cxb6 cxb6 41. Rxb6 Bxd4 42. Rc6 1-0

[Event "CZE-ch Betsys Online Blitz"]
[Site "Chess.com INT"]
[Date "2021.04.17"]
[Round "12"]
[White "Erban, Stepan"]
[Black "Sulcova, Tereza Radmila"]
[Result "1-0"]
[WhiteElo "1925"]
[BlackElo "1615"]
[PlyCount "69"]
[EventDate "2021.04.17"]
[EventType "swiss (blitz)"]
[EventRounds "13"]
[EventCountry "CZE"]
[SourceTitle "CBM 201 Extra"]
[Source "ChessBase"]
[SourceDate "2021.05.31"]
[SourceVersion "1"]
[SourceVersionDate "2021.05.31"]
[SourceQuality "1"]

1. e4 e6 2. d4 d5 3. exd5 exd5 4. Bd3 Bd6 5. c3 Ne7 6. Nf3 Bg4 7. 0-0 Nd7 8. Be3 c6 9. Nbd2 Qc7 10. Qc2 0-0-0 11. h3 Be6 12. b4 a6 13. a4 f5 14. Nb3 h6 15. b5 g5 16. bxa6 Kb8 17. axb7 g4 18. Ne5 Nxe5 19. dxe5 Bxe5 20. h4 Ng6 21. Nc5 Bd7 22. Na6+ Kxb7 23. Nxc7 Kxc7 24. Bc5 Nxh4 25. a5 Ra8 26. Rfe1 Bf4 27. c4 dxc4 28. Qxc4 Ng6 29. g3 Be5 30. Rxe5 Nxe5 31. Qf4 Rhe8 32. Bd4 Kd6 33. Re1 Kd5 34. Rxe5+ Rxe5 35. Qxe5# 1-0

[Event "CZE-ch U12 Girls"]
[Site "Kouty nad Desnou"]
[Date "2017.03.18"]
[Round "9"]
[White "Hosova, Sandra"]
[Black "Sulcova, Tereza Radmila"]
[Result "1/2-1/2"]
[WhiteElo "1138"]
[BlackElo "1228"]
[PlyCount "41"]
[EventDate "2017.03.11"]
[EventType "swiss"]
[EventRounds "9"]
[EventCountry "CZE"]
[SourceTitle "CBM 177 Extra"]
[Source "ChessBase"]
[SourceDate "2017.04.27"]
[SourceVersion "1"]
[SourceVersionDate "2017.04.27"]
[SourceQuality "1"]

1. e4 e6 2. d4 d5 3. e5 c5 4. c3 Nc6 5. Nf3 Qb6 6. Bd3 cxd4 7. cxd4 Bd7 8. 0-0 Nxd4 9. Nxd4 Qxd4 10. Nc3 Ne7 11. Qe2 Nc6 12. Nb5 Qb6 13. Be3 Qd8 14. Rac1 Be7 15. Qh5 h6 16. Rc2 0-0 17. Bxh6 gxh6 18. Qxh6 f5 19. Qg6+ Kh8 20. Qh6+ Kg8 21. Qg6+ 1/2-1/2

[Event "CZE-ch U12 Girls"]
[Site "Kouty nad Desnou"]
[Date "2017.03.17"]
[Round "8"]
[White "Sulcova, Tereza Radmila"]
[Black "Lhotska, Anna"]
[Result "0-1"]
[WhiteElo "1228"]
[BlackElo "1518"]
[PlyCount "114"]
[EventDate "2017.03.11"]
[EventType "swiss"]
[EventRounds "9"]
[EventCountry "CZE"]
[SourceTitle "CBM 177 Extra"]
[Source "ChessBase"]
[SourceDate "2017.04.27"]
[SourceVersion "1"]
[SourceVersionDate "2017.04.27"]
[SourceQuality "1"]

1. e4 c5 2. Nf3 d6 3. d4 cxd4 4. Nxd4 Nf6 5. Nc3 a6 6. Be3 e5 7. Nf3 Be6 8. Qd2 Be7 9. 0-0-0 0-0 10. Be2 b5 11. g4 Nxg4 12. Rdg1 Nxe3 13. Qxe3 Kh8 14. Ng5 Bxg5 15. Rxg5 Nc6 16. Bg4 f6 17. Bxe6 fxg5 18. Rg1 Qf6 19. Bd5 Rac8 20. Rf1 Qf4 21. Qxf4 gxf4 22. Ne2 Rf6 23. c3 Rh6 24. h3 a5 25. Kd2 Ne7 26. Rh1 Nxd5 27. exd5 Rc5 28. a3 Rxd5+ 29. Kc2 Rc5 30. b4 axb4 31. axb4 Rc6 32. Kd3 d5 33. f3 Kg8 34. Nc1 Rcg6 35. Ne2 Kf7 36. Rh2 Ke6 37. Rh1 Rg3 38. Ng1 e4+ 39. Kd4 exf3 40. Kc5 Rhg6 41. Nxf3 Rxf3 42. Kxb5 Rxc3 43. Ka4 f3 44. Rf1 Rg2 45. b5 Rb2 46. Ka5 f2 47. Ka6 Ra3+ 48. Kb6 Re3 49. Kc6 Re1 50. Rxf2 Rxf2 51. b6 Rc2+ 52. Kb7 Rb1 53. Ka7 Ra2+ 54. Kb7 Rab2 55. h4 Rxb6+ 56. Kc8 Rc6+ 57. Kd8 Rb8# 0-1

[Event "CZE-ch U10 Girls"]
[Site "Kouty nad Desnou"]
[Date "2015.03.13"]
[Round "8"]
[White "Sulcova, Tereza Radmila"]
[Black "Novakova, Barbora"]
[Result "1/2-1/2"]
[WhiteElo "1000"]
[BlackElo "1052"]
[PlyCount "73"]
[EventDate "2015.03.07"]
[EventType "swiss"]
[EventRounds "9"]
[EventCountry "CZE"]
[SourceTitle "EXT 2017"]
[Source "ChessBase"]
[SourceDate "2016.10.25"]
[SourceVersion "1"]
[SourceVersionDate "2016.10.25"]
[SourceQuality "1"]

1. e4 e5 2. Nf3 Nf6 3. Nc3 Nc6 4. Bc4 Bb4 5. d3 d6 6. Bd2 Bg4 7. h3 Bh5 8. Bb5 a6 9. a3 axb5 10. axb4 Rxa1 11. Qxa1 Bxf3 12. gxf3 0-0 13. Nxb5 Qa8 14. Qxa8 Rxa8 15. 0-0 Nd4 16. Nxd4 exd4 17. c3 dxc3 18. Bxc3 c5 19. bxc5 dxc5 20. Kh1 b5 21. Rg1 Ra6 22. d4 cxd4 23. Bxd4 Nh5 24. Rg5 g6 25. Rxb5 Ra1+ 26. Kh2 Kf8 27. b3 Ra8 28. Be5 Ke7 29. Rb8 Ra2 30. Bd4 Kd7 31. Kg2 Nf4+ 32. Kg3 Ne2+ 33. Kg2 Nxd4 34. Kg3 Ne2+ 35. Kg2 Nf4+ 36. Kg3 Ne2+ 37. Kg2 1/2-1/2